Моделирование процесса пиролиза смесей жидких углеводородов: диссертация на соискание ученой степени кандидата технических наук; Спец. 05.17.08

Dades bibliogràfiques
Autor principal: Чащин А. И. Александр Игоревич
Autor corporatiu: Томский политехнический институт
Altres autors: Смольянинов С. И. Станислав Иванович (научный руководитель)
Sumari:На правах рукописи
Idioma:rus
Publicat: Томск, 1986
Matèries:
Format: Llibre
KOHA link:https://koha.lib.tpu.ru/cgi-bin/koha/opac-detail.pl?biblionumber=59401

MARC

LEADER 00000nbm0a2200000 4500
001 59401
005 20231031060253.0
035 |a (RuTPU)RU\TPU\book\62793 
090 |a 59401 
100 |a 20031226j1986 k y0rusy50 ca 
101 0 |a rus 
102 |a RU 
105 |a a m 001zy 
200 1 |a Моделирование процесса пиролиза смесей жидких углеводородов  |e диссертация на соискание ученой степени кандидата технических наук  |e Спец. 05.17.08  |f А. И. Чащин  |g Томский политехнический институт; С. И. Смольянинов 
210 |a Томск  |d 1986 
215 |a 192 л.  |c ил. 
300 |a На правах рукописи 
320 |a Библиогр.: с. 151-169 (196 назв.) 
610 1 |a жидкие вещества 
610 1 |a углеводороды 
610 1 |a пиролиз 
610 1 |a смеси 
610 1 |a процессы 
610 1 |a моделирование 
675 |a 665.64(048)  |v 3 
686 |a 05.17.08  |2 oksvnk 
700 1 |a Чащин  |b А. И.  |g Александр Игоревич 
702 1 |a Смольянинов  |b С. И.  |g Станислав Иванович  |4 727 
712 0 2 |a Томский политехнический институт 
801 1 |a RU  |b 63413507  |c 20031226  |g PSBO 
801 2 |a RU  |b 63413507  |c 20220124  |g RCR 
942 |c BK